Spell the Marvel Hero #53 - Statistics

General Stats
  • This quiz has been taken 18 times
  • The average score is 8 of 10
Answer Stats
Picture Answer % Correct
Emma Frost
100%
War Machine
100%
Elektra
92%
Nightcrawler
92%
Lady Sif
85%
Iceman
77%
Outlaw
77%
Viv Vision
77%
Wolverine
77%
Ricochet
54%
No matching quizzes found
Score Distribution
Percent of People with Each Score
Percentile by Number Answered
Your Score History
You have not taken this quiz